| 000 | 00397 a2200145 4500 | ||
|---|---|---|---|
| 005 | 20250614130423.0 | ||
| 020 | _a978-0-07-042366-4 | ||
| 082 | _a536.5 MIL | ||
| 100 | _aMILLER, R. W. | ||
| 245 | _aFlow Measurement Engineering Handbook. | ||
| 250 | _a3rd Ed. | ||
| 260 |
_aBoston, _bMcGraw-Hill, _c1996. |
||
| 300 |
_axxxviii, 1168p.: ill.; figure, picture, table _bIndex _c23cm. |
||
| 942 |
_2ddc _cBKS |
||
| 999 |
_c4084 _d4084 |
||